| 000 | 01187nam2a22002531 4500 | ||
|---|---|---|---|
| 001 | v19\rc\1969470 | ||
| 005 | 20251118181052.1 | ||
| 035 | _a(NLR Aleph) 005051758 | ||
| 090 |
_a6902085 _c6902085 |
||
| 100 | _a20080428d1915 u y0rusy50 ca | ||
| 101 | 0 | _arus | |
| 102 | _aRU | ||
| 105 | _ay z ||||| | ||
| 200 | 0 | _a... назначенному на 13 июня 1915 года | |
| 210 | _d[1915] | ||
| 215 | _a3 с. | ||
| 461 | 0 |
_1001v19\rc\1969468 _12001#$aДоклад Правления Общества Гербы-Келецкой жел. дор. очередному общему собранию акционеров...$v... назначенному на 13 июня 1915 года _96902069 _aГербы-Келецкая ж.д. _cПетроград _d1914-1916 _tДоклад Правления Общества Гербы-Келецкой жел. дор. очередному общему собранию акционеров... _v... назначенному на 13 июня 1915 года |
|
| 801 | 0 |
_aRU _bNLR _gpsbo |
|
| 801 | 0 |
_aRU _bRuMoRGB _2psbo |
|
| 801 | 1 |
_aRU _bProSoft-M _2rusmarc |
|
| 852 |
_aNLR _j37.55.2.367(2) |
||
| 899 |
_aRuMoRGB _jV 9/59 |
||
| 942 | _cBOOK | ||
| 980 | _aNB | ||